| 000 | 00689nam a2200217 a 4500 | ||
|---|---|---|---|
| 001 | 21531 | ||
| 003 | CO-ViMGA | ||
| 008 | 141112s2004 ck r 000 u spa d | ||
| 020 | _a842612934X | ||
| 040 |
_aCO-ViMGA _bspa _cCO-ViMGA |
||
| 082 | 0 | 4 | _aBUTj |
| 100 | 1 |
_aButteworth, Nick _930742 |
|
| 245 | 1 | 0 | _aCuando jugamos juntos |
| 260 |
_aBarcelona : _bJuventud, _c1995 |
||
| 300 | _a12 | ||
| 590 | _aForma de adquisición : Donación fact. 8851 - - Precio : 23600 - - Proveedor : Fundación exito - - Fecha de adquisición : Junio 2007 | ||
| 650 | 1 | 4 |
_aALBUMES INFANTILES _92002 |
| 650 | 1 | 4 |
_aENSEÑANZA VISUAL _930743 |
| 650 | 1 | 4 |
_aLIBROS ILUSTRADOS PARA NIÑOS _92001 |
| 942 |
_2ddc _cBK |
||
| 999 |
_c30117 _d30117 |
||